00689nam a2200181 a 450000100100000000500170001000800410002702000180006804000130008608200160009910000400011524501090015526000520026430000330031659000270034995201140037699900170049000004774120201002060717.0090701s2012 dr c 000 0 spa d a9789945880410 aDO-SdBNP axxxxbP762f1 aPolanco Sánchez, Francisco97534610aFrancisco Polanco Sánchez un educador de este tiempo /cFrancisco Polanco Sánchez Argénida Romero. aSanto Domingo :bServicis graficos Tito,c2012. a351 p. ; :bretrs. ;c22 cm. aInventariado, 2018/ YL 0010718PDaPDbPDcCTd2018-07-30iLF1l0oxxxx P762fp47741-10r2020-06-25w2020-06-25yLFPDZNo se presta c47229d47229